| 000 | 00620nam a2200181 4500 | ||
|---|---|---|---|
| 001 | 112013 | ||
| 003 | ES-MaACL | ||
| 005 | 20251114135558.0 | ||
| 007 | t| | ||
| 008 | 061121s1942 sp r ||||1| spa d | ||
| 100 | 1 |
_aNavarro Borrás, Francisco. _985107 |
|
| 245 | 1 | 0 |
_aCurso superior de análisis matemático / _cpor F. Navarro Borrás con un prólogo de D. Alfonso Peña Bocuf. |
| 260 |
_aMadrid : _b[s.n.], _c1942 ( _fC. Bermejo impr.) |
||
| 300 |
_aX, 649 p. con fig. interc. ; _c24 cm. |
||
| 700 | 1 |
_aPeña Boeuf, Alfonso, _d1888-1966 _990253 |
|
| 852 |
_aES-MaACL _jF-15592 _bR.19862 |
||
| 999 |
_c112013 _d112013 |
||